[Event "18.Città di Padova Open A"]
[Site "Padova"]
[Date "2015.12.14"]
[Round "2.28"]
[White "Parrella, Alfredo"]
[Black "Desideri, Alessandro"]
[Result "1/2-1/2"]
[WhiteElo "2097"]
[BlackElo "1904"]
[Annotator "Gabriele Ballarin"]
[PlyCount "23"]
[EventDate "2015.12.13"]
[EventType "swiss"]
[EventRounds "9"]
[EventCountry "ITA"]

1. c4 f5 2. g3 e6 3. Bg2 Nf6 4. Nc3 d5 5. cxd5 exd5 6. d4 Bd6 7. h4 c6 8. Nh3 O-O 9. Bf4 Qe7 10. Qc2 Na6 11. a3 Nc7 12. Ng5 1/2-1/2

[Event "18.Città di Padova Open A"]
[Site "Padova"]
[Date "2015.12.14"]
[Round "2.29"]
[White "Kakumanu, Kautil"]
[Black "Lantini, Marco"]
[Result "1-0"]
[WhiteElo "1875"]
[BlackElo "2083"]
[Annotator "Gabriele Ballarin"]
[PlyCount "49"]
[EventDate "2015.12.13"]
[EventType "swiss"]
[EventRounds "9"]
[EventCountry "ITA"]

1. e4 e6 2. d4 c5 3. d5 d6 4. c4 g6 5. Nc3 a6 6. Nf3 Bg7 7. Be2 exd5 8. Nxd5 Nc6 9. O-O Be6 10. Bf4 Ne5 11. Nxe5 dxe5 12. Bg5 f6 13. Be3 Rc8 14. Bg4 Qd7 15. Bxe6 Qxe6 16. Qb3 Qc6 17. f4 exf4 18. Rxf4 Nh6 19. Qc3 Rf8 20. Raf1 Ng8 21. R4f3 Rf7 22. Bf4 Qe6 23. Qa5 Kf8 24. Be3 b5 25. Bxc5+ 1-0

[Event "18.Città di Padova Open A"]
[Site "Padova"]
[Date "2015.12.14"]
[Round "2.30"]
[White "Redo, Giorgio"]
[Black "Capito', Mario"]
[Result "1-0"]
[WhiteElo "2055"]
[BlackElo "1879"]
[Annotator "Gabriele Ballarin"]
[PlyCount "57"]
[EventDate "2015.12.13"]
[EventType "swiss"]
[EventRounds "9"]
[EventCountry "ITA"]

1. f4 b6 2. Nf3 Bb7 3. e3 g6 4. c4 c5 5. Nc3 Bg7 6. d4 Nh6 7. d5 Bxc3+ 8. bxc3 f5 9. Be2 d6 10. O-O O-O 11. Ng5 Bc8 12. Bf3 Na6 13. Qe1 Nc7 14. Qh4 Kg7 15. h3 Rh8 16. g4 Rb8 17. e4 e6 18. gxf5 exf5 19. e5 Ng8 20. Be2 dxe5 21. fxe5 h6 22. Nf3 g5 23. Qg3 Qf8 24. Nh4 Kh7 25. Nxf5 Bxf5 26. Rxf5 Qe8 27. Bd3 Kg7 28. e6 Nxe6 29. Qe5+ 1-0

[Event "18.Città di Padova Open A"]
[Site "Padova"]
[Date "2015.12.14"]
[Round "2.31"]
[White "Loiacono, Leonardo"]
[Black "Iasman, Inna"]
[Result "1-0"]
[WhiteElo "2052"]
[BlackElo "1843"]
[Annotator "Gabriele Ballarin"]
[PlyCount "113"]
[EventDate "2015.12.13"]
[EventType "swiss"]
[EventRounds "9"]
[EventCountry "ITA"]

1. e4 c6 2. d4 d5 3. Nc3 dxe4 4. Nxe4 Bf5 5. Ng3 Bg6 6. Nf3 Nd7 7. Bd3 Bxd3 8. Qxd3 e6 9. O-O Ngf6 10. Re1 Be7 11. a3 O-O 12. b4 a5 13. b5 c5 14. Bb2 Rc8 15. Rad1 cxd4 16. Nxd4 Nc5 17. Qe2 Qb6 18. Ndf5 exf5 19. Nxf5 Bd8 20. Rd6 Qc7 21. b6 Qb8 22. Rxd8 Rcxd8 23. Bxf6 Ne6 24. Qg4 Qf4 25. Qxf4 Nxf4 26. Bxd8 Rxd8 27. g3 Ne6 28. Re5 g6 29. Ne3 Rd6 30. Rb5 Nd4 31. Rb1 Ne2+ 32. Kg2 Nc3 33. Rb3 Na4 34. Nc4 Rd5 35. Rd3 Rc5 36. Rd4 Kf8 37. h4 h5 38. Kf1 Ke7 39. Ke1 Rb5 40. Nd6 Re5+ 41. Kd2 Nxb6 42. Nxb7 Rf5 43. f4 Rb5 44. Nd6 Rc5 45. Ne4 Rc6 46. Kd3 Nd7 47. Rc4 Rb6 48. Rc7 Kd8 49. Ra7 f5 50. Ng5 Nc5+ 51. Kc4 Nb7 52. Ra8+ Ke7 53. Rg8 Nd6+ 54. Kd3 Ne8 55. Nf3 Rd6+ 56. Ke2 Rc6 57. Ne5 1-0

[Event "18.Città di Padova Open A"]
[Site "Padova"]
[Date "2015.12.14"]
[Round "2.32"]
[White "Favero, Graziano"]
[Black "Gallo, Enrico"]
[Result "0-1"]
[WhiteElo "1836"]
[BlackElo "2044"]
[Annotator "Gabriele Ballarin"]
[PlyCount "54"]
[EventDate "2015.12.13"]
[EventType "swiss"]
[EventRounds "9"]
[EventCountry "ITA"]

1. e4 e6 2. d3 d5 3. Nd2 Nf6 4. Ngf3 dxe4 5. dxe4 Bc5 6. h3 O-O 7. Qe2 b6 8. e5 Ba6 9. c4 Nfd7 10. Qe4 c6 11. Bd3 f5 12. Qe2 Be7 13. Nb3 Qc7 14. Bf4 c5 15. O-O-O Nc6 16. Rhe1 Rab8 17. Qd2 Rfd8 18. g4 Nf8 19. gxf5 Bxc4 20. Qe3 Bxd3 21. Rxd3 c4 22. Rxd8 Rxd8 23. Nbd2 Nb4 24. Rg1 c3 25. Nb3 cxb2+ 26. Kxb2 Qc2+ 27. Ka1 Qxa2# 0-1

[Event "18.Città di Padova Open A"]
[Site "Padova"]
[Date "2015.12.14"]
[Round "2.33"]
[White "Casciello, Dimitri"]
[Black "Belloni, Umberto"]
[Result "1-0"]
[WhiteElo "2040"]
[BlackElo "1827"]
[Annotator "Gabriele Ballarin"]
[PlyCount "88"]
[EventDate "2015.12.13"]
[EventType "swiss"]
[EventRounds "9"]
[EventCountry "ITA"]

1. e4 e6 2. d4 d5 3. Nc3 Nf6 4. e5 Nfd7 5. Nce2 c5 6. c3 Nc6 7. f4 g6 8. Nf3 cxd4 9. cxd4 f5 10. Nc3 a6 11. a3 Be7 12. Be2 Qb6 13. Na4 Qa7 14. Be3 b5 15. Nc3 Nb6 16. Bf2 Bd7 17. O-O Rc8 18. Nb1 Nd8 19. b3 O-O 20. Qd2 Nf7 21. Qb2 g5 22. fxg5 Nxg5 23. Nxg5 Bxg5 24. Nd2 Rc7 25. Nf3 Bh6 26. Bd3 Rfc8 27. Qe2 Be8 28. Be3 Bxe3+ 29. Qxe3 Rc3 30. Rac1 Bg6 31. Qd2 Qe7 32. a4 Qc7 33. axb5 axb5 34. Bxb5 Rc2 35. Qg5 Qd8 36. Qg3 Kh8 37. Qf4 R2c3 38. Be2 Qe7 39. Ng5 Kg7 40. Nf3 Nd7 41. b4 Nb6 42. b5 Nc4 43. Bxc4 R3xc4 44. Rb1 Rb8 {Nur} 1-0

[Event "18.Città di Padova Open A"]
[Site "Padova"]
[Date "2015.12.14"]
[Round "2.34"]
[White "Papathanasiou, Ageliki"]
[Black "Messina, Roberta"]
[Result "1/2-1/2"]
[WhiteElo "1778"]
[BlackElo "2039"]
[Annotator "Gabriele Ballarin"]
[PlyCount "81"]
[EventDate "2015.12.13"]
[EventType "swiss"]
[EventRounds "9"]
[EventCountry "ITA"]

1. d4 d5 2. Nf3 e6 3. Bf4 Bd6 4. Bxd6 cxd6 5. c3 Nc6 6. e3 Nf6 7. Bb5 O-O 8. O-O Qb6 9. Qb3 Na5 10. Qa4 a6 11. Bd3 Re8 12. Nbd2 e5 13. dxe5 dxe5 14. e4 Bd7 15. Qc2 Bb5 16. Bxb5 axb5 17. Rfe1 Ng4 18. Re2 d4 19. h3 Rad8 20. cxd4 exd4 21. Nxd4 Nxf2 22. Rxf2 Rxd4 23. Raf1 Nc4 24. Nxc4 bxc4 25. Kh1 f6 26. Rf4 Qe6 27. Rc1 b5 28. a4 b4 29. a5 b3 30. Qc3 Qe5 31. Rf5 Qxe4 32. Rc5 Ra8 33. Rxc4 Rxc4 34. Qxc4+ Qxc4 35. Rxc4 Rxa5 36. Rb4 Ra1+ 37. Kh2 Rb1 {=} 38. Rxb3 Kf7 39. Rb6 Kg6 40. Rb7 h5 41. Kg3 {=} 1/2-1/2

[Event "18.Città di Padova Open A"]
[Site "Padova"]
[Date "2015.12.15"]
[Round "3.1"]
[White "Georgiev, Kiril"]
[Black "Garcia Palermo, Carlos H"]
[Result "1-0"]
[WhiteElo "2627"]
[BlackElo "2457"]
[Annotator "Gabriele Ballarin"]
[PlyCount "67"]
[EventDate "2015.12.13"]
[EventType "swiss"]
[EventRounds "9"]
[EventCountry "ITA"]
[SourceTitle "The Week in Chess 1102"]
[Source "Mark Crowther"]
[SourceDate "2015.12.21"]
[SourceVersion "1"]
[SourceVersionDate "2015.12.21"]
[SourceQuality "2"]

1. d4 e6 2. c4 b6 3. a3 Bb7 4. Nc3 f5 5. d5 Nf6 6. g3 Bd6 7. Bg2 O-O 8. Nh3 Na6 9. O-O Be5 10. Bd2 Nc5 11. Qc2 a5 12. Rad1 exd5 13. cxd5 Qe8 14. Nf4 a4 15. Nd3 d6 16. Nxe5 Qxe5 17. Bf4 Qe8 18. Rd4 Bc8 19. Rfd1 Bd7 20. Rb4 h6 21. Be3 Ng4 22. Bc1 Ra5 23. h3 Nf6 24. Be3 Qh5 25. Rh4 Qf7 26. Rdd4 Re8 27. Bc1 g5 28. Rxh6 Qg7 29. h4 Nh7 30. Rxh7 Kxh7 31. Rg4 Nb3 32. Rxg5 Qd4 33. Rxf5 Bxf5 34. Qxf5+ 1-0

[Event "18.Città di Padova Open A"]
[Site "Padova"]
[Date "2015.12.15"]
[Round "3.2"]
[White "David, Alberto"]
[Black "Aghayev, Miragha"]
[Result "1-0"]
[WhiteElo "2585"]
[BlackElo "2367"]
[Annotator "Gabriele Ballarin"]
[PlyCount "79"]
[EventDate "2015.12.13"]
[EventType "swiss"]
[EventRounds "9"]
[EventCountry "ITA"]
[SourceTitle "The Week in Chess 1102"]
[Source "Mark Crowther"]
[SourceDate "2015.12.21"]
[SourceVersion "1"]
[SourceVersionDate "2015.12.21"]
[SourceQuality "2"]

1. e4 c5 2. Nf3 d6 3. Bb5+ Nd7 4. O-O a6 5. Bd3 Ngf6 6. Re1 b5 7. c4 bxc4 8. Bxc4 Nb6 9. Bb3 e6 10. d4 cxd4 11. Nxd4 g6 12. Nc3 Bg7 13. Bg5 h6 14. Bh4 O-O 15. Qf3 Bb7 16. Rad1 Qe7 17. Qe3 Nbd7 18. Ba4 Nc5 19. Bc6 Rac8 20. b4 g5 21. Bxb7 Nxb7 22. Bg3 Nh5 23. Na4 Nxg3 24. hxg3 d5 25. Nb6 Rc7 26. exd5 Qxb4 27. Nc6 Qd6 28. Qf3 Kh8 29. Nc4 Qc5 30. N4e5 exd5 31. Rxd5 Qc2 32. Rd7 Rxd7 33. Nxd7 Rc8 34. Qxf7 Nd6 35. Qe6 Re8 36. Ne7 Qd2 37. Re3 Rxe7 38. Qxe7 Nf5 39. Qd8+ Kh7 40. Nf8+ 1-0

[Event "18.Città di Padova Open A"]
[Site "Padova"]
[Date "2015.12.15"]
[Round "3.3"]
[White "Danin, Alexandre"]
[Black "Lodici, Lorenzo"]
[Result "1/2-1/2"]
[WhiteElo "2569"]
[BlackElo "2347"]
[Annotator "Gabriele Ballarin"]
[PlyCount "73"]
[EventDate "2015.12.13"]
[EventType "swiss"]
[EventRounds "9"]
[EventCountry "ITA"]
[SourceTitle "The Week in Chess 1102"]
[Source "Mark Crowther"]
[SourceDate "2015.12.21"]
[SourceVersion "1"]
[SourceVersionDate "2015.12.21"]
[SourceQuality "2"]

1. e4 e5 2. Nf3 Nc6 3. d4 exd4 4. Nxd4 Bc5 5. Nxc6 Qf6 6. Qd2 dxc6 7. Nc3 Ne7 8. Qf4 Be6 9. Qxf6 gxf6 10. Na4 Bb6 11. Bf4 Ba5+ 12. c3 Ng6 13. Be3 Bb6 14. Nxb6 axb6 15. a3 Ne5 16. O-O-O Ng4 17. Re1 O-O-O 18. h3 Nxe3 19. Rxe3 f5 20. exf5 Bxf5 21. Be2 Rhe8 22. Rd1 Rxe3 23. Rxd8+ Kxd8 24. fxe3 Ke7 25. Kd2 Be4 26. Bf3 Bg6 27. Ke2 Kd6 28. Kf2 f6 29. Ke2 h6 30. Kd2 Kc5 31. Be2 Be4 32. g3 Bf5 33. h4 Kd5 34. Bf1 b5 35. Be2 Ke5 36. Bf3 Bd7 37. Ke2 1/2-1/2

[Event "18.Città di Padova Open A"]
[Site "Padova"]
[Date "2015.12.15"]
[Round "3.4"]
[White "Swayams, Mishra"]
[Black "Maiorov, Nikita"]
[Result "1/2-1/2"]
[WhiteElo "2477"]
[BlackElo "2566"]
[Annotator "Gabriele Ballarin"]
[PlyCount "20"]
[EventDate "2015.12.13"]
[EventType "swiss"]
[EventRounds "9"]
[EventCountry "ITA"]
[SourceTitle "The Week in Chess 1102"]
[Source "Mark Crowther"]
[SourceDate "2015.12.21"]
[SourceVersion "1"]
[SourceVersionDate "2015.12.21"]
[SourceQuality "2"]

1. d4 Nf6 2. Nf3 e6 3. c4 b6 4. g3 Bb7 5. Bg2 Bb4+ 6. Bd2 a5 7. O-O O-O 8. a3 Bxd2 9. Nbxd2 d6 10. Qc2 c5 1/2-1/2

[Event "18.Città di Padova Open A"]
[Site "Padova"]
[Date "2015.12.15"]
[Round "3.5"]
[White "Valsecchi, Alessio"]
[Black "Godena, Michele"]
[Result "1/2-1/2"]
[WhiteElo "2466"]
[BlackElo "2499"]
[Annotator "Gabriele Ballarin"]
[PlyCount "162"]
[EventDate "2015.12.13"]
[EventType "swiss"]
[EventRounds "9"]
[EventCountry "ITA"]
[SourceTitle "The Week in Chess 1102"]
[Source "Mark Crowther"]
[SourceDate "2015.12.21"]
[SourceVersion "1"]
[SourceVersionDate "2015.12.21"]
[SourceQuality "2"]

1. c4 e5 2. g3 Nf6 3. Bg2 c6 4. d4 exd4 5. Qxd4 Na6 6. Nf3 Bc5 7. Qe5+ Be7 8. O-O O-O 9. Nc3 Re8 10. Rd1 Bb4 11. Qf4 Bxc3 12. bxc3 Qa5 13. Be3 Nc5 14. Nd4 Nce4 15. Nf5 d6 16. Nxg7 Kxg7 17. c5 Qd8 18. cxd6 Nd5 19. Qh6+ Kg8 20. Bxe4 Rxe4 21. Bd4 Rg4 22. c4 Nf4 23. Bf6 Nxe2+ 24. Kf1 Qe8 25. Qe3 Qxe3 26. fxe3 Rg6 27. Kxe2 Rxf6 28. d7 Bxd7 29. Rxd7 b5 30. Rad1 bxc4 31. R1d4 Rb8 32. Rd8+ Rxd8 33. Rxd8+ Kg7 34. Rd4 Rh6 35. Rxc4 Rxh2+ 36. Kf3 Rxa2 37. Rxc6 a5 38. Ra6 a4 39. e4 a3 40. e5 h5 41. Ke3 Ra1 42. Kf2 Ra2+ 43. Kf3 Ra1 44. Kf2 Kf8 45. Ra7 Ke8 46. Kg2 a2 47. Kh2 Kd8 48. Kg2 Kc8 49. Kh2 Kb8 50. Ra5 Kb7 51. Kg2 Kb6 52. Ra8 Kb7 53. Ra5 Kb6 54. Ra8 Kc5 55. Kh2 Kc4 56. Kg2 Kb3 57. Rb8+ Kc4 58. Ra8 Kd5 59. Ra5+ Ke4 60. Kh2 Kf3 61. Ra3+ Ke4 62. Ra5 Kf3 63. Ra3+ Kg4 64. Ra4+ Kg5 65. Kg2 Kf5 66. Ra5 Ke4 67. Kh2 Ke3 68. Ra3+ Kd2 69. Ra7 Kc3 70. Kg2 Kb3 71. Rb7+ Kc2 72. Ra7 Kb2 73. Rb7+ Kc3 74. Ra7 Kd4 75. Ra5 Ke4 76. Kh2 Kf5 77. Kg2 Kg4 78. Ra4+ Kg5 79. Kh2 Kf5 80. Ra5 Kg4 81. Ra4+ Kf3 1/2-1/2

[Event "18.Città di Padova Open A"]
[Site "Padova"]
[Date "2015.12.15"]
[Round "3.6"]
[White "Rossi, Carlo"]
[Black "Kovacevic, Blazimir"]
[Result "0-1"]
[WhiteElo "2284"]
[BlackElo "2480"]
[Annotator "Gabriele Ballarin"]
[PlyCount "74"]
[EventDate "2015.12.13"]
[EventType "swiss"]
[EventRounds "9"]
[EventCountry "ITA"]
[SourceTitle "The Week in Chess 1102"]
[Source "Mark Crowther"]
[SourceDate "2015.12.21"]
[SourceVersion "1"]
[SourceVersionDate "2015.12.21"]
[SourceQuality "2"]

1. Nc3 d5 2. Nf3 Nf6 3. g3 d4 4. Nb5 c5 5. c3 a6 6. Na3 dxc3 7. bxc3 b5 8. Bg2 Bb7 9. O-O e6 10. Nc2 Nbd7 11. a4 b4 12. c4 a5 13. Bb2 Be7 14. Ne3 O-O 15. Qc2 Qc7 16. Rad1 Rad8 17. Qb1 Bc6 18. d4 cxd4 19. Rxd4 Nc5 20. Rh4 Nfe4 21. Ne5 Bxh4 22. Nxc6 Qxc6 23. gxh4 f5 24. h5 h6 25. Qa1 Qxa4 26. Bxe4 fxe4 27. Qc1 Qe8 28. Kh1 Qxh5 29. Rg1 Rd7 30. Ng4 Kh7 31. Qe3 Rf5 32. Bd4 Rg5 33. f3 exf3 34. exf3 a4 35. Rg3 Nb3 36. Qxe6 Qf7 37. Qe4+ Qf5 0-1

[Event "18.Città di Padova Open A"]
[Site "Padova"]
[Date "2015.12.15"]
[Round "3.7"]
[White "Codenotti, Marco"]
[Black "Vovk, Yuri"]
[Result "0-1"]
[WhiteElo "2405"]
[BlackElo "2626"]
[Annotator "Gabriele Ballarin"]
[PlyCount "128"]
[EventDate "2015.12.13"]
[EventType "swiss"]
[EventRounds "9"]
[EventCountry "ITA"]
[SourceTitle "The Week in Chess 1102"]
[Source "Mark Crowther"]
[SourceDate "2015.12.21"]
[SourceVersion "1"]
[SourceVersionDate "2015.12.21"]
[SourceQuality "2"]

1. e4 c5 2. c3 Nf6 3. e5 Nd5 4. Nf3 e6 5. Bc4 d6 6. d4 cxd4 7. cxd4 Nc6 8. O-O Be7 9. Bd2 O-O 10. Nc3 Nb6 11. Bb3 dxe5 12. dxe5 Nd7 13. Bf4 Nc5 14. Bc4 a6 15. Qxd8 Rxd8 16. Rfd1 b5 17. Rxd8+ Bxd8 18. Be2 b4 19. Nd1 Bb7 20. Ne3 a5 21. Nc4 Ba6 22. Be3 Nd7 23. Bf4 h6 24. h4 Ne7 25. h5 Nd5 26. Bh2 Bc7 27. Kf1 Rb8 28. Ncd2 Bxe2+ 29. Kxe2 b3 30. axb3 Nc5 31. Nd4 Rb4 32. Nc6 Rh4 33. Bg3 Rxh5 34. Rc1 Na6 35. Nc4 Nab4 36. N4xa5 Bxa5 37. Nxa5 Ne7 38. f4 g5 39. Nc4 Nf5 40. Be1 Nd4+ 41. Ke3 Nxb3 42. Rd1 Nd5+ 43. Kf3 Rh1 44. fxg5 hxg5 45. Ne3 Ne7 46. Bb4 Rxd1 47. Nxd1 Nd5 48. Bd6 Kg7 49. Nc3 Nf4 50. Kg4 Nxg2 51. Kxg5 Ne1 52. Ne4 Nd3 53. Nf6 Nxb2 54. Nh5+ Kg8 55. Kf6 Nd3 56. Ng3 Nd2 57. Nh5 Nf3 58. Ke7 Nfxe5 59. Bxe5 Nxe5 60. Kf6 Ng6 61. Ng7 Nf4 62. Ne8 Kf8 63. Nd6 Nd5+ 64. Ke5 Ke7 0-1

[Event "18.Città di Padova Open A"]
[Site "Padova"]
[Date "2015.12.15"]
[Round "3.8"]
[White "Laketic, Gojko"]
[Black "Zhigalko, Andrey"]
[Result "0-1"]
[WhiteElo "2419"]
[BlackElo "2585"]
[Annotator "Gabriele Ballarin"]
[PlyCount "50"]
[EventDate "2015.12.13"]
[EventType "swiss"]
[EventRounds "9"]
[EventCountry "ITA"]
[SourceTitle "The Week in Chess 1102"]
[Source "Mark Crowther"]
[SourceDate "2015.12.21"]
[SourceVersion "1"]
[SourceVersionDate "2015.12.21"]
[SourceQuality "2"]

1. Nf3 c5 2. c4 Nc6 3. Nc3 g6 4. g3 Bg7 5. Bg2 e6 6. e3 Nge7 7. O-O O-O 8. d4 d6 9. b3 Rb8 10. Bb2 cxd4 11. exd4 d5 12. cxd5 exd5 13. Ne2 Qd6 14. Bc1 Ra8 15. Bf4 Qa3 16. Ne5 Be6 17. Qd2 Rfc8 18. Rac1 a5 19. Nc3 Ra6 20. Nd3 Nf5 21. Nc5 Raa8 22. Nxb7 Ncxd4 23. g4 Nh4 24. Qd1 Nxg2 25. Kxg2 Qb4 0-1

[Event "18.Città di Padova Open A"]
[Site "Padova"]
[Date "2015.12.15"]
[Round "3.9"]
[White "Nikolov, Momchil"]
[Black "Vezzosi, Paolo"]
[Result "1-0"]
[WhiteElo "2548"]
[BlackElo "2369"]
[Annotator "Gabriele Ballarin"]
[PlyCount "57"]
[EventDate "2015.12.13"]
[EventType "swiss"]
[EventRounds "9"]
[EventCountry "ITA"]
[SourceTitle "The Week in Chess 1102"]
[Source "Mark Crowther"]
[SourceDate "2015.12.21"]
[SourceVersion "1"]
[SourceVersionDate "2015.12.21"]
[SourceQuality "2"]

1. d4 c5 2. d5 g6 3. e4 Bg7 4. c4 d6 5. Nc3 Bxc3+ 6. bxc3 Qa5 7. Bd2 f5 8. Bd3 fxe4 9. Bxe4 Nf6 10. Bd3 Nbd7 11. Nf3 Nb6 12. O-O Bg4 13. Re1 Rf8 14. h3 Bxf3 15. Qxf3 Rf7 16. Qe2 Qa4 17. Bg5 Kf8 18. f4 Kg7 19. f5 Nbd7 20. fxg6 hxg6 21. Bc2 Qa6 22. Qd3 Nf8 23. Re6 Rc8 24. Rf1 Rc7 25. a4 b6 26. Rf4 Qc8 27. Qe3 Nxe6 28. dxe6 Rf8 29. Bh6+ 1-0

[Event "18.Città di Padova Open A"]
[Site "Padova"]
[Date "2015.12.15"]
[Round "3.10"]
[White "Santagati, Alessandro"]
[Black "Lazic, Miroljub"]
[Result "0-1"]
[WhiteElo "2262"]
[BlackElo "2466"]
[Annotator "Gabriele Ballarin"]
[PlyCount "76"]
[EventDate "2015.12.13"]
[EventType "swiss"]
[EventRounds "9"]
[EventCountry "ITA"]
[SourceTitle "The Week in Chess 1102"]
[Source "Mark Crowther"]
[SourceDate "2015.12.21"]
[SourceVersion "1"]
[SourceVersionDate "2015.12.21"]
[SourceQuality "2"]

1. e4 d6 2. d4 Nf6 3. Nc3 e5 4. Nf3 Nbd7 5. Bc4 Be7 6. O-O O-O 7. a4 a5 8. b3 c6 9. Ba3 Qc7 10. Re1 Nb6 11. Be2 Re8 12. h3 Be6 13. Ng5 Bc8 14. Nf3 Bf8 15. Qd2 exd4 16. Qxd4 Be6 17. Ng5 Rad8 18. f4 Bd7 19. Rad1 h6 20. Nf3 c5 21. Qd3 Bc6 22. Nd2 d5 23. e5 c4 24. Qg3 Bxa3 25. exf6 g5 26. Rf1 Bc5+ 27. Kh1 Re3 28. Qg4 Rxc3 29. Ne4 dxe4 30. fxg5 h5 31. Qxh5 Rxd1 32. Rxd1 Rg3 33. Bg4 e3 34. Rd8+ Qxd8 35. Bf5 Bxg2+ 36. Kh2 Rxh3+ 37. Bxh3 Be4 38. g6 Qd6+ 0-1

[Event "18.Città di Padova Open A"]
[Site "Padova"]
[Date "2015.12.15"]
[Round "3.11"]
[White "Bergamasco, Tommaso"]
[Black "Naumkin, Igor"]
[Result "0-1"]
[WhiteElo "2054"]
[BlackElo "2446"]
[Annotator "Gabriele Ballarin"]
[PlyCount "62"]
[EventDate "2015.12.13"]
[EventType "swiss"]
[EventRounds "9"]
[EventCountry "ITA"]
[SourceTitle "The Week in Chess 1102"]
[Source "Mark Crowther"]
[SourceDate "2015.12.21"]
[SourceVersion "1"]
[SourceVersionDate "2015.12.21"]
[SourceQuality "2"]

1. d4 e6 2. e4 d5 3. Nc3 Nf6 4. e5 Nfd7 5. Nce2 c5 6. c3 Nc6 7. f4 b5 8. Nf3 b4 9. g3 bxc3 10. bxc3 cxd4 11. cxd4 Bb4+ 12. Bd2 Qa5 13. a3 Bxd2+ 14. Qxd2 Qxd2+ 15. Kxd2 Na5 16. Nc1 Rb8 17. Kc2 Nc4 18. Bxc4 dxc4 19. Nd2 Bb7 20. Re1 Nb6 21. Na2 Ke7 22. Nc3 Rhd8 23. Nb5 Bc6 24. Nd6 Ba4+ 25. Kc3 Nd5+ 26. Kxc4 Bc2 27. N2e4 Rb3 28. Ra2 Nb6+ 29. Kc5 Rd7 30. Kc6 Na4 31. Nc4 Rbb7 0-1

[Event "18.Città di Padova Open A"]
[Site "Padova"]
[Date "2015.12.15"]
[Round "3.12"]
[White "Lanzani, Mario"]
[Black "Zelcic, Robert"]
[Result "0-1"]
[WhiteElo "2308"]
[BlackElo "2520"]
[Annotator "Gabriele Ballarin"]
[PlyCount "116"]
[EventDate "2015.12.13"]
[EventType "swiss"]
[EventRounds "9"]
[EventCountry "ITA"]
[SourceTitle "The Week in Chess 1102"]
[Source "Mark Crowther"]
[SourceDate "2015.12.21"]
[SourceVersion "1"]
[SourceVersionDate "2015.12.21"]
[SourceQuality "2"]

1. c4 Nf6 2. Nc3 e5 3. e3 Bb4 4. Nge2 O-O 5. a3 Bxc3 6. Nxc3 d5 7. cxd5 Nxd5 8. Qc2 Nc6 9. Be2 Qg5 10. O-O Bh3 11. Bf3 Nde7 12. Kh1 Bf5 13. Ne4 Qg6 14. b4 a6 15. Rb1 Rad8 16. a4 Rd7 17. b5 axb5 18. axb5 Nd8 19. d3 Ne6 20. Be2 Rfd8 21. Ba3 Nc8 22. Rfd1 h5 23. Rbc1 h4 24. h3 Rd5 25. Qb1 R5d7 26. Qc2 Nb6 27. Nc5 Nxc5 28. Bxc5 Bxd3 29. Bxd3 Rxd3 30. Rxd3 Qxd3 31. Qxd3 Rxd3 32. Bxb6 cxb6 33. Rc8+ Kh7 34. Rc7 Rd5 35. Rxf7 Rxb5 36. Rf5 Kg6 37. e4 Rc5 38. Rf3 b5 39. Rb3 Kf6 40. g3 hxg3 41. fxg3 Ke6 42. Kg2 Kd6 43. Kf3 Kc6 44. Kg4 Kb6 45. Kf5 Ka5 46. Kg6 Ka4 47. Rb1 Rc3 48. Kxg7 Rxg3+ 49. Kf6 Rxh3 50. Kxe5 b4 51. Kd4 b3 52. e5 Ka3 53. Ra1+ Kb4 54. Rb1 Rh2 55. Kd3 b2 56. e6 Kb3 57. e7 Rh8 58. Re1 Re8 0-1

[Event "18.Città di Padova Open A"]
[Site "Padova"]
[Date "2015.12.15"]
[Round "3.13"]
[White "Strikovic, Aleksandr"]
[Black "Varvaglione, Antonio"]
[Result "1-0"]
[WhiteElo "2505"]
[BlackElo "2247"]
[Annotator "Gabriele Ballarin"]
[PlyCount "111"]
[EventDate "2015.12.13"]
[EventType "swiss"]
[EventRounds "9"]
[EventCountry "ITA"]

1. Nf3 Nf6 2. g3 g6 3. Bg2 Bg7 4. O-O O-O 5. c4 d6 6. d4 Nbd7 7. Qc2 e5 8. e4 Re8 9. Rd1 Qe7 10. Nc3 c6 11. d5 a5 12. b3 Nc5 13. Be3 Bd7 14. dxc6 Bxc6 15. Bxc5 dxc5 16. Nd5 Bxd5 17. cxd5 Red8 18. Bf1 Ne8 19. Nd2 b6 20. Bb5 Nd6 21. Bc6 Rab8 22. Nc4 Bh6 23. a4 Rf8 24. Re1 Rfd8 25. Rad1 Bg5 26. Kg2 h5 27. h4 Bh6 28. Qe2 Kg7 29. Rh1 Rh8 30. Rdg1 Kf8 31. Kf1 Qf6 32. Kg2 Qe7 33. Re1 Kg7 34. Nb2 f6 35. Nd3 Rbd8 36. Rhf1 Rdf8 37. Qc2 Rd8 38. Qc3 Kh7 39. f4 Bg7 40. Qc2 Rhf8 41. Qe2 Bh6 42. Nb2 Rg8 43. Kh3 Qg7 44. Nc4 Nxc4 45. bxc4 exf4 46. gxf4 g5 47. fxg5 fxg5 48. e5 gxh4 49. Rg1 Qxg1 50. Rxg1 Rxg1 51. d6 Rdg8 52. Be4+ Kh8 53. Qxh5 R8g3+ 54. Kh2 Kg7 55. Qf5 Re1 56. Qh7+ 1-0

[Event "18.Città di Padova Open A"]
[Site "Padova"]
[Date "2015.12.15"]
[Round "3.14"]
[White "Zaja, Ivan"]
[Black "Massironi, Marco"]
[Result "1-0"]
[WhiteElo "2481"]
[BlackElo "2242"]
[Annotator "Gabriele Ballarin"]
[PlyCount "79"]
[EventDate "2015.12.13"]
[EventType "swiss"]
[EventRounds "9"]
[EventCountry "ITA"]

1. d4 Nf6 2. c4 g6 3. Nc3 d5 4. cxd5 Nxd5 5. Bd2 Nb6 6. Bg5 Bg7 7. e3 c5 8. dxc5 Bxc3+ 9. bxc3 Qxd1+ 10. Rxd1 N6d7 11. Bb5 Nc6 12. Rd5 a6 13. Ba4 h6 14. Bh4 g5 15. Bg3 e6 16. Rd1 Nxc5 17. Bc2 b5 18. Nf3 Bb7 19. Bd6 Nd7 20. a4 Nb6 21. axb5 axb5 22. O-O Nd5 23. Rd3 O-O-O 24. Bg3 b4 25. cxb4 Ba6 26. Rxd5 Rxd5 27. Rc1 Nxb4 28. Bb3+ Kd8 29. Bxd5 Nxd5 30. Ne5 Ke7 31. Nc6+ Kd7 32. Nb8+ Rxb8 33. Bxb8 f5 34. Be5 g4 35. h3 h5 36. Kh2 Bb7 37. Kg3 Bc6 38. Kh4 Ne7 39. Kxh5 gxh3 40. gxh3 1-0

[Event "18.Città di Padova Open A"]
[Site "Padova"]
[Date "2015.12.15"]
[Round "3.15"]
[White "Enchev, Ivajlo"]
[Black "Sorbera, Giovanni"]
[Result "1-0"]
[WhiteElo "2452"]
[BlackElo "2191"]
[Annotator "Gabriele Ballarin"]
[PlyCount "69"]
[EventDate "2015.12.13"]
[EventType "swiss"]
[EventRounds "9"]
[EventCountry "ITA"]

1. Nf3 d5 2. d4 c6 3. Bf4 Nf6 4. e3 g6 5. c4 Bg7 6. Nc3 O-O 7. h3 dxc4 8. Bxc4 b5 9. Bb3 b4 10. Na4 Ba6 11. Qd2 Nd5 12. Bh2 Nd7 13. Rc1 N7b6 14. Nc5 Bb5 15. e4 Nf6 16. Qxb4 a5 17. Qd2 a4 18. Bc2 Nc4 19. Qc3 Bh6 20. Rb1 a3 21. O-O Nxb2 22. Rfe1 Nd7 23. Nxd7 Qxd7 24. Ne5 Qa7 25. Qb3 Rad8 26. Qf3 e6 27. Ng4 Bg7 28. Be5 Qe7 29. Bxg7 Kxg7 30. Qe3 h5 31. Ne5 Qa7 32. Nf3 e5 33. Nxe5 Qxd4 34. Qg5 Nc4 35. Nd3 {Nur} 1-0